000 01866cam a22004814i 4500
003 PE-LiUPU
005 20250731184508.0
008 140702s2010 bl ab por d
020 _a9788573657166
035 _a(Sirsi) i9788573657166
040 _aPE-LiUPU
_bspa
_cPE-LiUPU
_erda
049 _aPRUA
082 0 4 _a981.74
_bI59
110 2 _aInstituto de Arquitectos do Brasil,
_eautor.
245 1 0 _aBrasília 50 años :
_bguia de obras de Oscar Niemeyer /
_cInstituto de arquitetos do Brasil.
264 1 _aBrasília :
_bInstituto de Arquitetos do Brasil : Câmara dos Deputados, Centro de Documentação e Informação : Edições Câmara,
_c2010.
300 _a263 páginas :
_bilustraciones mapas ;
_c24 centímetros.
336 _atext
_2rdacontent
337 _aunmediated
_2rdamedia
338 _avolume
_2rdacarrier
490 0 _aSérie Obras em Parceria ;
_v23
505 0 _aRoteiro Esplanada dos ministérios -- Roteiro eixo monumental -- Roteiro Niemeyer histórico -- Roteiro Niemeyer Na UnB -- Roteiro Neiemeyer completo.
526 _aP136
526 _aP135
526 _aP134
526 _aP133
526 _aP144
526 _aP143
526 _aP87
526 _aP35
526 _aP20
526 _aP14
526 _aP10
526 _aP06
650 1 4 _aArquitectura
_zBrazil
_zBrasília (Distrito Federal)
_xHistoria
_vGuias.
910 _admb
_clch
_d20140122
942 _2ddc
_cBOOK
949 _a981.74 I59
_wDEWEY
_c1
_i69796
_lCCODEBUL1
_mBUL
_r0
_sY
_tBOOK
_u2015-7-6
_xEDUCACION
_zUNKNOWN
_0COMPRA
_o.STAFF. Colección General
994 _aC0
_bPEPRU
596 _a1
999 _a981.74 I59
_wDEWEY
_c6147
_i69796
_e2017-4-17
_f2021-11-9
_g5
_lCCODEBUL1
_mBUL
_n1
_r0
_sY
_tBOOK
_u2015-7-6
_xEDUCACION
_zUNKNOWN
_0COMPRA
_o.STAFF. Colección General
_d6147
980 _81
_gALBERTO SANCHEZ Responsable de Automatización